000 01385nam a22002897a 4500
005 20080828111241.0
008 080828t xxu||||| |||| 00| 0 hin d
010 _aHIN-84107
020 _a817288858
_c100.00
035 _aHN-56453
037 _aDBAD / PUB
040 _aDPL
_bHN
082 _a330.954
245 _aभारतीय अर्थव्यवस्था
246 _aBhaartiya Airthavyavasthaa
260 _aआगरा
_bसाहित्य भवन पब्लिकेशन्स
_c2006
270 _aहॉस्पिटल रोड
_bआगरा
_e282003
_k0562 2851665, 2460905
_l2851568
_mrsvbansal@hotmail.com
300 _aF-240, ivपृ
_b25सेमी (अजिल्द)
500 _aशाला परीक्षाओं हेतु
500 _aवित मंत्रालय, भारत सरकार द्वारा पुरस्कृत
651 _aभारत
_xआर्थिक स्थिति
651 _aभारत
_xआर्थिक नीति
651 _aIndia
_xEconomic Condition
651 _aIndia
_xEconomic Policy
942 _2ddc
_cHN
_h330.954
_mभारती
999 _c15173
_d15173